[Event "SV Wattenscheid 2 - SG Porz 2"]
[Site "Oberliga NRW 2012/2013"]
[Date "2013.03.10"]
[Round "7.3"]
[White "Malykin, Vitaly"]
[Black "Souleidis, Georgios"]
[Result "1/2-1/2"]
[WhiteElo "2340"]
[BlackElo "2369"]
[PlyCount "45"]
[EventDate "2013.??.??"]
[WhiteTeam "SG Porz 2"]
[BlackTeam "SV Wattenscheid 2"]

1. Nf3 Nf6 2. c4 g6 3. Nc3 d5 4. cxd5 Nxd5 5. Qa4+ Nc6 6. Ne5 Qd6 7. Nxc6 Qxc6
8. Qxc6+ bxc6 9. g3 Bg7 10. Bg2 Be6 11. b3 O-O-O 12. Bb2 Nxc3 13. Bxc3 Bxc3 14.
dxc3 Rd6 15. f4 Rhd8 16. Kf2 Bd5 17. Bh3+ f5 18. Rhd1 Be4 19. Ke1 c5 20. Bf1 c4
21. Rxd6 Rxd6 22. e3 Bd5 23. b4 1/2-1/2

[Event "SV Wattenscheid 2 - SG Porz 2"]
[Site "Oberliga NRW 2012/2013"]
[Date "2013.03.10"]
[Round "7.4"]
[White "Straeter, Timo"]
[Black "Gallinnis, Norbert"]
[Result "1/2-1/2"]
[WhiteElo "2350"]
[BlackElo "2278"]
[PlyCount "100"]
[EventDate "2013.??.??"]
[WhiteTeam "SV Wattenscheid 2"]
[BlackTeam "SG Porz 2"]

1. d4 Nf6 2. Nf3 e6 3. Bg5 h6 4. Bxf6 Qxf6 5. e4 d6 6. Nc3 g5 7. Qd2 Bg7 8.
O-O-O b6 9. Bb5+ c6 10. Bc4 Nd7 11. Rhe1 b5 12. Bb3 a6 13. e5 dxe5 14. Nxe5
Nxe5 15. Rxe5 Bb7 16. Ne4 Qe7 17. f4 O-O-O 18. g3 Kb8 19. Qe3 gxf4 20. gxf4
Bxe5 21. fxe5 c5 22. Nxc5 Qg5 23. Qxg5 hxg5 24. Rf1 Rh7 25. c3 a5 26. Bc2 Rg7
27. Rf2 Bd5 28. b3 Kc7 29. Bd3 Bc6 30. a3 Rh8 31. a4 bxa4 32. bxa4 Rh4 33. Rb2
Rg8 34. Na6+ Kd7 35. Bb5 Rc8 36. Nc5+ Kc7 37. Na6+ Kd8 38. Nc5 Bd5 39. Ba6 Ra8
40. c4 Bf3 41. Rf2 g4 42. d5 Kc7 43. Bb7 Rah8 44. Rb2 Rxh2 45. d6+ Kb8 46. Rb6
Bxb7 47. Rxb7+ Ka8 48. Rb6 Rg2 49. Ra6+ Kb8 50. Rb6+ Ka8 1/2-1/2

[Event "SV Wattenscheid 2 - SG Porz 2"]
[Site "Oberliga NRW 2012/2013"]
[Date "2013.03.10"]
[Round "7.5"]
[White "Peschlow, Patrick"]
[Black "Franke, Johannes"]
[Result "1/2-1/2"]
[WhiteElo "2280"]
[BlackElo "2309"]
[Annotator "Doe,John"]
[PlyCount "99"]
[EventDate "2013.??.??"]
[WhiteTeam "SG Porz 2"]
[BlackTeam "SV Wattenscheid 2"]

1. e4 c6 2. d4 d5 3. Nc3 dxe4 4. Nxe4 Nf6 5. Nxf6+ gxf6 6. c3 Bf5 7. Nf3 e6 8.
g3 Nd7 9. Bg2 Bg7 10. O-O O-O 11. Re1 Re8 12. Nh4 Bg6 13. Be3 Nb6 14. Qc1 Nd5
15. Bh6 Qb6 16. Bxg7 $11 Kxg7 17. Nxg6 hxg6 18. Qd2 Red8 19. Re4 Ne7 20. Qc2
Rd7 21. Qb3 Qa5 22. a4 Nf5 23. Qc2 Nd6 24. Rh4 Qg5 25. Re1 Qf5 26. Qxf5 exf5
27. Rf4 Nc4 28. Re2 c5 29. h4 cxd4 30. Rxd4 Rxd4 31. cxd4 Rd8 32. Bxb7 Rxd4 33.
Ba6 Nd6 34. b3 Rb4 35. Re7 Rxb3 36. Rxa7 Ra3 $11 37. Be2 g5 38. hxg5 fxg5 39.
a5 g4 40. a6 Ra1+ 41. Kg2 Ra2 42. Rd7 Rxe2 43. Rxd6 Ra2 44. Kf1 Kh7 45. Rf6 Kg7
46. Rb6 Kh7 47. Rf6 Kg7 48. Rxf5 Kg6 49. Rf4 f5 50. f3 1/2-1/2

[Event "SV Wattenscheid 2 - SG Porz 2"]
[Site "Oberliga NRW 2012/2013"]
[Date "2013.03.10"]
[Round "7.7"]
[White "Kremser, Michael"]
[Black "Thiel, Thomas"]
[Result "0-1"]
[WhiteElo "2116"]
[BlackElo "2273"]
[PlyCount "78"]
[EventDate "2013.??.??"]
[WhiteTeam "SG Porz 2"]
[BlackTeam "SV Wattenscheid 2"]

1. d4 d5 2. c4 e5 3. dxe5 d4 4. Nf3 Nc6 5. g3 Nge7 6. Bg2 Ng6 7. O-O Be7 8.
Nbd2 Ncxe5 9. Nxe5 Nxe5 10. Nf3 Nxf3+ 11. Bxf3 O-O 12. a3 a5 13. Qd3 Bf6 14.
Bf4 a4 15. Rfd1 Re8 16. Rac1 Qe7 17. c5 g5 18. Bd2 c6 19. Re1 Qe5 20. b4 Bf5
21. Qc4 Qe6 22. Qxe6 Rxe6 23. g4 Be4 24. Kg2 Rae8 25. Bxe4 Rxe4 26. Kf3 Kg7 27.
Rc4 R4e6 28. Bc1 h5 29. h3 hxg4+ 30. hxg4 Rh8 31. Kg2 Kg6 32. Bb2 Rh4 33. f3 d3
34. Bxf6 d2 35. Bc3 dxe1=Q 36. Bxe1 Rxe2+ 37. Kf1 Rhh2 38. Bg3 Rc2 39. Re4 Rh1#
0-1

[Event "SV Wattenscheid 2 - SG Porz 2"]
[Site "Oberliga NRW 2012/2013"]
[Date "2013.03.10"]
[Round "7.8"]
[White "Klueting, Reiner"]
[Black "Xu, Xianliang"]
[Result "1/2-1/2"]
[WhiteElo "1879"]
[BlackElo "2037"]
[Annotator "Doe,John"]
[PlyCount "69"]
[EventDate "2013.??.??"]
[WhiteTeam "SV Wattenscheid 2"]
[BlackTeam "SG Porz 2"]

1. e4 c5 2. Nf3 Nc6 3. d4 cxd4 4. c3 Nf6 5. e5 Nd5 6. cxd4 d6 7. exd6 Qxd6 8.
Nc3 e6 9. Bc4 Nb6 10. Bb3 Be7 11. O-O O-O 12. Ne4 Qd8 13. Bf4 Nd5 14. Bg3 $11
Nf6 15. Nxf6+ Bxf6 16. Be5 b6 17. Rc1 Bb7 18. Re1 Rc8 19. Qe2 Bxe5 20. dxe5 Nd4
21. Nxd4 Qxd4 22. Rcd1 Qc5 23. Rd6 Rfd8 24. Red1 Rxd6 25. Rxd6 Qc1+ 26. Rd1 Qg5
27. f3 Rd8 28. Rxd8+ Qxd8 29. Qd1 Qxd1+ 30. Bxd1 Bd5 31. a3 Kf8 32. Kf2 Ke7 33.
Ke3 Kd7 34. Kd4 Kc6 35. Be2 1/2-1/2

[Event "SF Katernberg 2 - Düsseldorfer SK 1"]
[Site "Oberliga NRW 2012/2013"]
[Date "2013.03.10"]
[Round "7.1"]
[White "Stark, Lars"]
[Black "Scholz, Christian"]
[Result "1-0"]
[WhiteElo "2417"]
[BlackElo "2363"]
[PlyCount "91"]
[EventDate "2013.??.??"]
[WhiteTeam "Düsseldorfer SK 1"]
[BlackTeam "SF Katernberg 2"]

1. c4 e5 2. g3 Nf6 3. Bg2 d5 4. cxd5 Nxd5 5. Nf3 Nc6 6. O-O Nb6 7. Nc3 Be7 8.
b3 O-O 9. Bb2 Be6 10. d3 Qd7 11. Rc1 Rfd8 12. Ne4 f6 13. Nc5 Bxc5 14. Rxc5 a5
15. a3 e4 16. Ne1 Qf7 17. Bxe4 Bxb3 18. Qc1 Bd5 19. Nf3 Bxe4 20. dxe4 Re8 21.
Qc2 Qe6 22. e5 fxe5 23. Nxe5 Nxe5 24. Rxe5 Qc4 25. Qf5 Qf7 26. Qg4 Rxe5 27.
Bxe5 Nc4 28. Bxg7 Qxg7 29. Qxc4+ Qf7 30. Qg4+ Qg6 31. Qa4 c6 32. Rd1 b5 33. Qd4
Re8 34. e3 Qe6 35. Qc5 Qb3 36. Rc1 Re6 37. Qg5+ Kf7 38. Qh5+ Kg7 39. Rd1 Qxa3
40. Rd7+ Re7 41. Qe5+ Kf7 42. Qf5+ Ke8 43. Rd4 Qb3 44. Qc8+ Kf7 45. Rf4+ Kg6
46. Qg4+ 1-0

[Event "SF Katernberg 2 - Düsseldorfer SK 1"]
[Site "Oberliga NRW 2012/2013"]
[Date "2013.03.10"]
[Round "7.2"]
[White "Rosen, Bernd"]
[Black "Schuh, Dirk"]
[Result "1/2-1/2"]
[WhiteElo "2255"]
[BlackElo "2368"]
[PlyCount "57"]
[EventDate "2013.??.??"]
[WhiteTeam "SF Katernberg 2"]
[BlackTeam "Düsseldorfer SK 1"]

1. c4 c6 2. Nf3 d5 3. Qa4 Nd7 4. cxd5 cxd5 5. Nc3 e6 6. d4 Bd6 7. Nb5 Bb8 8.
Bd2 Ne7 9. Ba5 b6 10. Bb4 O-O 11. Rc1 Re8 12. e3 Bb7 13. Bd3 Nc6 14. O-O Nf6
15. Na3 Nxb4 16. Qxb4 Bd6 17. Qb3 Rc8 18. Nb5 Bb8 19. Nc3 Ne4 20. Rc2 Qf6 21.
Rfc1 Nd6 22. Ne5 Qe7 23. Qa3 f6 24. Nf3 Nc4 25. Qxe7 Rxe7 26. b3 Nd6 27. Nb5
Ree8 28. Nc7 Re7 29. Na6 1/2-1/2

[Event "SF Katernberg 2 - Düsseldorfer SK 1"]
[Site "Oberliga NRW 2012/2013"]
[Date "2013.03.10"]
[Round "7.3"]
[White "de Gleria, Francesco"]
[Black "Villwock, Martin"]
[Result "1-0"]
[WhiteElo "2335"]
[BlackElo "2137"]
[PlyCount "41"]
[EventDate "2013.??.??"]
[WhiteTeam "Düsseldorfer SK 1"]
[BlackTeam "SF Katernberg 2"]

1. e4 c5 2. Nf3 Nc6 3. Bb5 d6 4. d4 cxd4 5. Qxd4 Bd7 6. Qd3 g6 7. Nc3 Bg7 8.
Bg5 Nf6 9. O-O-O Rc8 10. e5 Ng4 11. exd6 Nxf2 12. Qd2 Nxd1 13. dxe7 Nxe7 14.
Qxd7+ Qxd7 15. Bxd7+ Kxd7 16. Rxd1+ Ke8 17. Re1 f6 18. Nd5 fxg5 19. Rxe7+ Kf8
20. Nxg5 Bh6 21. Rf7+ 1-0

[Event "SF Katernberg 2 - Düsseldorfer SK 1"]
[Site "Oberliga NRW 2012/2013"]
[Date "2013.03.10"]
[Round "7.4"]
[White "Rosen, Willy"]
[Black "Borngaesser, Rene"]
[Result "1-0"]
[WhiteElo "2199"]
[BlackElo "2288"]
[PlyCount "49"]
[EventDate "2013.??.??"]
[WhiteTeam "SF Katernberg 2"]
[BlackTeam "Düsseldorfer SK 1"]

1. e4 e6 2. d4 d5 3. Nc3 Bb4 4. e5 b6 5. Qg4 Bf8 6. Bg5 Ne7 7. Bxe7 Kxe7 8. Nf3
h6 9. h4 c6 10. Nd2 Kd7 11. f4 h5 12. Qh3 Kc7 13. Nf3 Qe8 14. O-O-O Bb4 15. g4
g6 16. gxh5 Rxh5 17. Ng5 Ba6 18. Be2 Bxe2 19. Nxe2 Be7 20. Ng3 Rh6 21. Qg4 Nd7
22. h5 Qg8 23. Rdg1 Kb7 24. Ne2 Qg7 25. Nxf7 1-0

[Event "SF Katernberg 2 - Düsseldorfer SK 1"]
[Site "Oberliga NRW 2012/2013"]
[Date "2013.03.10"]
[Round "7.5"]
[White "Gazic, Josip"]
[Black "Gassmann, Volker"]
[Result "0-1"]
[WhiteElo "2232"]
[BlackElo "2173"]
[PlyCount "34"]
[EventDate "2013.??.??"]
[WhiteTeam "Düsseldorfer SK 1"]
[BlackTeam "SF Katernberg 2"]

1. e4 Nf6 2. Nc3 d5 3. e5 d4 4. exf6 dxc3 5. fxg7 cxd2+ 6. Bxd2 Bxg7 7. Qe2 Qd5
8. c3 Nc6 9. Qe3 Bf5 10. Nf3 O-O-O 11. Be2 Rhg8 12. Qf4 Bf6 13. O-O-O e6 14.
Bc4 Qa5 15. Nd4 Nxd4 16. cxd4 Qa4 17. Bb3 Qc6+ 0-1

[Event "SF Katernberg 2 - Düsseldorfer SK 1"]
[Site "Oberliga NRW 2012/2013"]
[Date "2013.03.10"]
[Round "7.6"]
[White "Wessendorf, Thomas"]
[Black "Mueller, Michael"]
[Result "1/2-1/2"]
[WhiteElo "2206"]
[BlackElo "2151"]
[Annotator "Doe,John"]
[PlyCount "54"]
[EventDate "2013.??.??"]
[WhiteTeam "SF Katernberg 2"]
[BlackTeam "Düsseldorfer SK 1"]

1. e4 e6 2. d4 d5 3. Nd2 dxe4 4. Nxe4 Bd7 5. Nf3 Bc6 6. Bd3 Nd7 7. O-O Bxe4 8.
Bxe4 c6 9. Qe2 Ngf6 10. Bd3 Be7 11. Bf4 O-O 12. Rad1 Re8 13. Rfe1 Nf8 14. Ne5
N6d7 15. Qg4 Nxe5 16. dxe5 Qc7 $11 17. h4 Rad8 18. Re3 Rd7 19. h5 Red8 20. Rde1
Rd4 21. Be4 Qd7 22. Kh2 f5 23. exf6 Bxf6 24. c3 Rd2 25. R3e2 Rxe2 26. Qxe2 Qf7
27. Bf3 Bxc3 1/2-1/2

[Event "SF Katernberg 2 - Düsseldorfer SK 1"]
[Site "Oberliga NRW 2012/2013"]
[Date "2013.03.10"]
[Round "7.7"]
[White "Partenheimer, Axel"]
[Black "Valkyser, Martin"]
[Result "1/2-1/2"]
[WhiteElo "2124"]
[BlackElo "2180"]
[PlyCount "48"]
[EventDate "2013.??.??"]
[WhiteTeam "Düsseldorfer SK 1"]
[BlackTeam "SF Katernberg 2"]

1. Nf3 c5 2. c4 b6 3. g3 Bb7 4. Bg2 Nf6 5. O-O d6 6. Nc3 Nbd7 7. d4 cxd4 8.
Qxd4 a6 9. Rd1 e6 10. Ng5 Bxg2 11. Kxg2 Rc8 12. Nge4 Rc6 13. b3 Be7 14. Bb2 O-O
15. Nxf6+ Nxf6 16. Rd2 Qc7 17. f3 Rc8 18. a4 Bf8 19. e4 Nd7 20. Rb1 Nc5 21. Ba1
Nd7 22. Rbd1 Nc5 23. Rb1 Nd7 24. Rbd1 Nc5 1/2-1/2

[Event "SF Katernberg 2 - Düsseldorfer SK 1"]
[Site "Oberliga NRW 2012/2013"]
[Date "2013.03.10"]
[Round "7.8"]
[White "Stremmel, Ralf"]
[Black "Berndt, Axel"]
[Result "1/2-1/2"]
[WhiteElo "1991"]
[BlackElo "2106"]
[PlyCount "44"]
[EventDate "2013.??.??"]
[WhiteTeam "SF Katernberg 2"]
[BlackTeam "Düsseldorfer SK 1"]

1. e4 Nf6 2. e5 Nd5 3. c4 Nb6 4. c5 Nd5 5. Bc4 e6 6. Nc3 Nxc3 7. dxc3 Nc6 8.
Bf4 b6 9. cxb6 axb6 10. Nf3 Ba6 11. Bxa6 Rxa6 12. Qd3 Qa8 13. Rd1 Nb8 14. a3
Ra4 15. Bg3 Re4+ 16. Kf1 Be7 17. Nd4 Rg4 18. f3 Rg6 19. Nb5 Qc6 20. Nd4 Qa8 21.
Nb5 Qc6 22. Nd4 Qa8 1/2-1/2

[Event "Aachener SV 1 - PSV Duisburg 1"]
[Site "Oberliga NRW 2012/2013"]
[Date "2013.03.10"]
[Round "7.1"]
[White "Fleck, Juergen"]
[Black "Koch, Thomas"]
[Result "0-1"]
[WhiteElo "2339"]
[BlackElo "2382"]
[PlyCount "62"]
[EventDate "2013.??.??"]
[WhiteTeam "PSV Duisburg 1"]
[BlackTeam "Aachener SV 1"]

1. e4 c5 2. Nf3 d6 3. d4 cxd4 4. Nxd4 Nf6 5. Nc3 a6 6. Be3 e5 7. Nb3 Be6 8. h3
Be7 9. Qd2 Nbd7 10. O-O-O b5 11. f4 O-O 12. g4 Rc8 13. Kb1 exf4 14. Bxf4 Ne5
15. Nd4 b4 16. Nce2 Qa5 17. Nxe6 fxe6 18. Nd4 Nc4 19. Qd3 Nd7 20. Nxe6 Rf6 21.
Qb3 Ndb6 22. Rd4 Qb5 23. Bxc4 Nxc4 24. Rd5 Qb7 25. Nc5 Qxd5 26. exd5 Rxf4 27.
Qg3 Rcf8 28. Nd3 Rf1+ 29. Rxf1 Rxf1+ 30. Ne1 Nd2+ 31. Kc1 Ne4 0-1

[Event "Aachener SV 1 - PSV Duisburg 1"]
[Site "Oberliga NRW 2012/2013"]
[Date "2013.03.10"]
[Round "7.2"]
[White "Piceu, Tom"]
[Black "Wengenroth, Walter"]
[Result "1-0"]
[WhiteElo "2302"]
[BlackElo "2233"]
[PlyCount "57"]
[EventDate "2013.??.??"]
[WhiteTeam "Aachener SV 1"]
[BlackTeam "PSV Duisburg 1"]

1. c4 Nf6 2. Nc3 c5 3. g3 e6 4. Bg2 d5 5. cxd5 exd5 6. d3 d4 7. Na4 Nbd7 8. Nf3
b5 9. Nxd4 cxd4 10. Bxa8 Bb4+ 11. Bd2 Bxd2+ 12. Qxd2 bxa4 13. Qb4 Qb6 14. Qxa4
O-O 15. O-O Ne5 16. Qc2 Be6 17. Bg2 Rc8 18. Qd2 Rb8 19. b4 h6 20. a3 Nd5 21.
Rac1 Nc3 22. e3 Nb5 23. a4 Nd6 24. Rc5 dxe3 25. Qxe3 Ng4 26. Qf4 g5 27. Qd4 Nf5
28. Qxg4 Ne3 29. Rxg5+ 1-0

[Event "Aachener SV 1 - PSV Duisburg 1"]
[Site "Oberliga NRW 2012/2013"]
[Date "2013.03.10"]
[Round "7.3"]
[White "Kistella, Roman"]
[Black "Sonntag, Hans-Hubert"]
[Result "0-1"]
[WhiteElo "2253"]
[BlackElo "2339"]
[PlyCount "94"]
[EventDate "2013.??.??"]
[WhiteTeam "PSV Duisburg 1"]
[BlackTeam "Aachener SV 1"]

1. d4 Nf6 2. c4 e6 3. Nf3 d5 4. Nc3 Be7 5. e3 O-O 6. Bd3 dxc4 7. Bxc4 c5 8. O-O
a6 9. a4 Nc6 10. Qe2 cxd4 11. Rd1 e5 12. exd4 exd4 13. h3 h6 14. Bf4 Bc5 15.
Qc2 Be6 16. Bxe6 fxe6 17. Ne2 Qd5 18. Bxh6 d3 19. Rxd3 Nb4 20. Rxd5 Nxc2 21.
Rxc5 Nxa1 22. Be3 Rac8 23. Re5 Rc2 24. Bd4 Rc4 25. Rxe6 Re8 26. Rxe8+ Nxe8 27.
a5 Nb3 28. Bc3 Ra4 29. Ned4 Nxa5 30. g4 Nc7 31. Nf5 Ne6 32. N3d4 Nxd4 33. Nxd4
b5 34. Nf5 g6 35. Nh6+ Kf8 36. h4 Nc6 37. h5 gxh5 38. g5 Ne7 39. Be5 Ng6 40.
Bd6+ Ke8 41. f3 Rd4 42. Bc5 Rd5 43. Be3 Nh4 44. Kf2 Nf5 45. Nxf5 Rxf5 46. f4 a5
47. Kf3 Kf7 0-1

[Event "Aachener SV 1 - PSV Duisburg 1"]
[Site "Oberliga NRW 2012/2013"]
[Date "2013.03.10"]
[Round "7.4"]
[White "Klein, Felix"]
[Black "Schmitz, Joachim"]
[Result "1-0"]
[WhiteElo "2284"]
[BlackElo "2234"]
[PlyCount "105"]
[EventDate "2013.??.??"]
[WhiteTeam "Aachener SV 1"]
[BlackTeam "PSV Duisburg 1"]

1. e4 c5 2. Nf3 e6 3. d4 cxd4 4. Nxd4 a6 5. Bd3 g6 6. c4 Bg7 7. Nf3 Ne7 8. Nc3
O-O 9. Bg5 h6 10. Bh4 Nbc6 11. O-O d6 12. Be2 Qc7 13. Qd2 Ne5 14. Rac1 g5 15.
Bg3 f5 16. Nxe5 dxe5 17. f3 Rd8 18. Qc2 f4 19. Bf2 Nc6 20. Nd5 Qf7 21. Nb6 Rb8
22. c5 h5 23. Rfd1 Nd4 24. Qc4 Kh8 25. a4 Bf6 26. b4 Qg8 27. Kh1 g4 28. b5 axb5
29. axb5 Bd7 30. Rb1 Bxb5 31. Rxb5 Nxb5 32. Qxb5 Rxd1+ 33. Bxd1 Rd8 34. Qe2 g3
35. Bg1 h4 36. h3 Qf7 37. Bb3 Be7 38. Qa2 Qe8 39. Ba4 Qf7 40. Bd7 Bf8 41. Bxe6
Qc7 42. Qc2 Qc6 43. Bd5 Qc7 44. Qc4 Kg7 45. Qb5 Kh8 46. Qb4 Kh7 47. Qc3 Re8 48.
Bb3 Rd8 49. Qc4 Bg7 50. Qe6 Qc6 51. Qe7 Rd3 52. Bd5 Qb5 53. Bc4 1-0

[Event "Aachener SV 1 - PSV Duisburg 1"]
[Site "Oberliga NRW 2012/2013"]
[Date "2013.03.10"]
[Round "7.5"]
[White "Schiffer, Kai-Uwe"]
[Black "Coenen, Norbert"]
[Result "1-0"]
[WhiteElo "2232"]
[BlackElo "2259"]
[Annotator "Doe,John"]
[PlyCount "77"]
[EventDate "2013.??.??"]
[WhiteTeam "PSV Duisburg 1"]
[BlackTeam "Aachener SV 1"]

1. e4 c5 2. Nf3 e6 3. d4 cxd4 4. Nxd4 Nf6 5. Nc3 d6 6. Be3 a6 7. f3 b5 8. Qd2
Nbd7 9. g4 Nb6 10. Qf2 Nfd7 11. Bd3 Bb7 12. O-O-O Rc8 13. Nce2 Nc4 14. Bxc4
Rxc4 15. g5 Be7 16. h4 Ne5 $11 17. Kb1 Qa8 18. Rhf1 b4 19. Nf4 a5 20. Nd3 Qa6
21. Qg3 Nd7 22. h5 g6 23. Rh1 Rg8 24. hxg6 hxg6 25. Rh2 e5 26. Nb3 Rc8 27. Nbc1
Qb5 28. b3 Nf8 29. Nb2 Ne6 30. Ncd3 Bf8 31. Na4 Bg7 32. Nb6 Rc3 33. Qf2 Rh8 34.
Rxh8+ Bxh8 35. Nb2 Nd4 36. Qh2 Bg7 37. Bxd4 exd4 38. Qxd6 Rc6 39. Qd7+ 1-0

[Event "Aachener SV 1 - PSV Duisburg 1"]
[Site "Oberliga NRW 2012/2013"]
[Date "2013.03.10"]
[Round "7.6"]
[White "Meessen, Rudolf"]
[Black "Heisel, Guido"]
[Result "1-0"]
[WhiteElo "2254"]
[BlackElo "2161"]
[PlyCount "121"]
[EventDate "2013.??.??"]
[WhiteTeam "Aachener SV 1"]
[BlackTeam "PSV Duisburg 1"]

1. d4 d5 2. c4 e6 3. Nc3 Nf6 4. Nf3 c6 5. Bg5 Nbd7 6. cxd5 exd5 7. e3 Be7 8.
Qc2 h6 9. Bf4 Nh5 10. Be5 Nxe5 11. dxe5 g6 12. Bd3 Ng7 13. O-O-O Ne6 14. Nd4
Qa5 15. Bxg6 Nxd4 16. Rxd4 Be6 17. Bf5 c5 18. Rdd1 O-O-O 19. Rxd5 Kb8 20. Rxd8+
Bxd8 21. Bxe6 fxe6 22. Qg6 Qa6 23. Qg7 Re8 24. Qd7 Rg8 25. Rd1 Bc7 26. Nb5 Rc8
27. Nd6 Rd8 28. Qxe6 Qe2 29. Qf5 a5 30. Qf3 Qa6 31. a4 Bxd6 32. exd6 Qc4+ 33.
Kb1 Qxa4 34. Rd5 c4 35. Qf4 b6 36. d7+ Kb7 37. Qd4 Kc7 38. Qe5+ Kb7 39. Qe7 Kc7
40. Qd6+ Kb7 41. Rd4 Qb5 42. e4 c3 43. Qd5+ Qxd5 44. Rxd5 cxb2 45. e5 Kc6 46.
Rd6+ Kc7 47. f4 Rxd7 48. Rxd7+ Kxd7 49. f5 b5 50. Kxb2 b4 51. Kb3 Ke7 52. g4
Kf7 53. h4 Ke7 54. g5 hxg5 55. hxg5 Kf7 56. g6+ Kf8 57. f6 Kg8 58. e6 Kf8 59.
Kc4 b3 60. Kd5 b2 61. Kd6 1-0

[Event "Aachener SV 1 - PSV Duisburg 1"]
[Site "Oberliga NRW 2012/2013"]
[Date "2013.03.10"]
[Round "7.7"]
[White "Montignies, Rainer"]
[Black "Begnis, Nikolaos"]
[Result "0-1"]
[WhiteElo "2251"]
[BlackElo "2243"]
[PlyCount "44"]
[EventDate "2013.??.??"]
[WhiteTeam "PSV Duisburg 1"]
[BlackTeam "Aachener SV 1"]

1. Nf3 Nf6 2. g3 g6 3. b3 Bg7 4. Bb2 O-O 5. Bg2 d6 6. d4 c6 7. O-O Qa5 8. Nbd2
Qh5 9. e4 Bg4 10. Re1 Na6 11. a3 e5 12. dxe5 dxe5 13. Qe2 Rfe8 14. Qf1 Rad8 15.
h3 Bc8 16. Nc4 Bxh3 17. Ncxe5 Bxg2 18. Kxg2 Ng4 19. Nc4 Bxb2 20. Nxb2 Nc5 21.
Qc4 Rd2 22. Rh1 Ne3+ 0-1

[Event "Aachener SV 1 - PSV Duisburg 1"]
[Site "Oberliga NRW 2012/2013"]
[Date "2013.03.10"]
[Round "7.8"]
[White "Titgemeyer, Sven"]
[Black "Maslak, Sulejman"]
[Result "1/2-1/2"]
[WhiteElo "1971"]
[BlackElo "2226"]
[PlyCount "89"]
[EventDate "2013.??.??"]
[WhiteTeam "Aachener SV 1"]
[BlackTeam "PSV Duisburg 1"]

1. e4 e6 2. d4 d5 3. Nd2 Nf6 4. e5 Nfd7 5. Bd3 c5 6. c3 Nc6 7. Ne2 cxd4 8. cxd4
Qb6 9. Nf3 Bb4+ 10. Bd2 Bxd2+ 11. Qxd2 Qb4 12. O-O Qxd2 13. Nxd2 f5 14. a3 a5
15. Rac1 Nb6 16. Nb3 Ke7 17. Nc5 g5 18. Rc3 Nd7 19. Na4 Na7 20. Rb3 b5 21. Nc5
Nxc5 22. dxc5 Nc6 23. Bxb5 Nxe5 24. Nd4 Kf6 25. Re1 Ng6 26. Bc6 Ra6 27. Bb7
Bxb7 28. Rxb7 e5 29. Nb5 d4 30. Rc1 Ne7 31. Nd6 a4 32. Nc4 Nd5 33. Nb6 Ke6 34.
Kf1 g4 35. Rc4 f4 36. Nxa4 Rc8 37. Rxh7 Rxa4 38. Rxa4 Rxc5 39. Ra6+ Kf5 40. f3
Ne3+ 41. Ke2 Kg5 42. h4+ gxh3 43. gxh3 Nf5 44. Kd2 Nh4 45. Rg7+ 1/2-1/2

[Event "SV Erkenschwick 1 - Klub Kölner SF 1"]
[Site "Oberliga NRW 2012/2013"]
[Date "2013.03.10"]
[Round "7.1"]
[White "Seul, Georg"]
[Black "Bitalzadeh, Ali"]
[Result "0-1"]
[WhiteElo "2373"]
[BlackElo "2391"]
[PlyCount "79"]
[EventDate "2013.??.??"]
[WhiteTeam "Klub Kölner SF 1"]
[BlackTeam "SV Erkenschwick 1"]

1. e4 c5 2. Nf3 d6 3. Bb5+ Nc6 4. Bxc6+ bxc6 5. O-O e5 6. c3 Bg4 7. h3 Bxf3 8.
Qxf3 Ne7 9. Na3 Ng6 10. Nc2 Be7 11. d4 cxd4 12. cxd4 O-O 13. dxe5 Nxe5 14. Qe2
Rb8 15. Rd1 Re8 16. b3 Ng6 17. Bb2 Bf8 18. Nd4 Qb6 19. Qf3 c5 20. Nf5 Qc6 21.
Rd5 Rb4 22. Qc3 f6 23. g3 Rbxe4 24. Qd3 Re2 25. Bc3 Ne5 26. Bxe5 R8xe5 27. Rxe5
Rxe5 28. Rd1 d5 29. Ne3 d4 30. Qc4+ Qe6 31. Qxe6+ Rxe6 32. Nc4 Re2 33. Rd2 Re1+
34. Kg2 g6 35. Kf3 Rh1 36. Re2 Kf7 37. h4 h5 38. Nb2 Rc1 39. Nc4 Rc3+ 40. Kg2
0-1

[Event "SV Erkenschwick 1 - Klub Kölner SF 1"]
[Site "Oberliga NRW 2012/2013"]
[Date "2013.03.10"]
[Round "7.2"]
[White "Erwich, Marc"]
[Black "Morawietz, Dieter"]
[Result "1-0"]
[WhiteElo "2346"]
[BlackElo "2332"]
[PlyCount "125"]
[EventDate "2013.??.??"]
[WhiteTeam "SV Erkenschwick 1"]
[BlackTeam "Klub Kölner SF 1"]

1. e4 e6 2. d4 d5 3. e5 c5 4. c3 Nc6 5. Nf3 Qb6 6. a3 c4 7. g3 Na5 8. Nbd2 Bd7
9. Bh3 O-O-O 10. Ng5 Nh6 11. f4 Kb8 12. O-O f6 13. exf6 gxf6 14. Ngf3 Rg8 15.
Qc2 Be8 16. Nh4 e5 17. fxe5 fxe5 18. Qxh7 exd4 19. cxd4 Qxd4+ 20. Kh1 Qg7 21.
Qxg7 Bxg7 22. Ndf3 Bd7 23. Bf4+ Kc8 24. Bg2 Nf5 25. Nxf5 Bxf5 26. Ne5 Rgf8 27.
Rad1 Nc6 28. Rfe1 Bxe5 29. Bxe5 Bd3 30. Rxd3 cxd3 31. Bh3+ Rd7 32. Bf4 Nd4 33.
Rc1+ Nc6 34. Rd1 Kd8 35. Rxd3 d4 36. Bxd7 Kxd7 37. Kg2 Ke6 38. Rb3 Rf7 39. Rb5
a6 40. Rh5 Rd7 41. Kf3 d3 42. Bd2 Ne5+ 43. Ke4 Ng4 44. Rh4 Nf2+ 45. Kf3 Nd1 46.
b3 Kd5 47. Be3 Rf7+ 48. Rf4 Rxf4+ 49. Bxf4 Nc3 50. Ke3 d2 51. Kxd2 Nb1+ 52. Kd3
Nxa3 53. h4 Nb5 54. h5 Ke6 55. g4 Kf6 56. g5+ Kg7 57. Be5+ Kh7 58. Ke4 Na7 59.
g6+ Kh6 60. Bf4+ Kg7 61. Kf5 Nc6 62. h6+ Kg8 63. Be5 1-0

[Event "SV Erkenschwick 1 - Klub Kölner SF 1"]
[Site "Oberliga NRW 2012/2013"]
[Date "2013.03.10"]
[Round "7.3"]
[White "Eichhorn, Andreas"]
[Black "Willemze, Thomas"]
[Result "1-0"]
[WhiteElo "2289"]
[BlackElo "2380"]
[PlyCount "67"]
[EventDate "2013.??.??"]
[WhiteTeam "Klub Kölner SF 1"]
[BlackTeam "SV Erkenschwick 1"]

1. c4 e6 2. Nc3 d5 3. d4 c5 4. cxd5 exd5 5. Nf3 Nc6 6. dxc5 d4 7. Na4 Bxc5 8.
Nxc5 Qa5+ 9. Bd2 Qxc5 10. Rc1 Qb6 11. e3 Nf6 12. Bc4 dxe3 13. Bxe3 Qb4+ 14. Qd2
Qxd2+ 15. Kxd2 Be6 16. Bxe6 fxe6 17. Rhd1 Nd5 18. Ng5 O-O 19. Ke2 Nxe3 20. fxe3
Rf6 21. Rd6 e5 22. Rxf6 gxf6 23. Ne4 f5 24. Nd6 f4 25. Nxb7 Nb4 26. exf4 Rb8
27. Nd6 Nxa2 28. Rc8+ Rxc8 29. Nxc8 a6 30. fxe5 Kf7 31. Ke3 Ke6 32. Ke4 Nb4 33.
Nd6 Nc2 34. Nf5 1-0

[Event "SV Erkenschwick 1 - Klub Kölner SF 1"]
[Site "Oberliga NRW 2012/2013"]
[Date "2013.03.10"]
[Round "7.4"]
[White "Erwich, Frank"]
[Black "Helbig, Mark"]
[Result "1/2-1/2"]
[WhiteElo "2331"]
[BlackElo "2256"]
[PlyCount "106"]
[EventDate "2013.??.??"]
[WhiteTeam "SV Erkenschwick 1"]
[BlackTeam "Klub Kölner SF 1"]

1. e4 c6 2. c4 d5 3. exd5 cxd5 4. cxd5 Nf6 5. Nc3 Nxd5 6. Nf3 e6 7. d4 Nxc3 8.
bxc3 Qc7 9. Qc2 Nd7 10. Bd3 Bd6 11. O-O b6 12. c4 Bb7 13. d5 O-O-O 14. Nd4 Nc5
15. Nb5 Bxh2+ 16. Kh1 Qe5 17. Be2 Bf4 18. Ba3 Qg5 19. g3 Rxd5 20. Bf3 Qh5+ 21.
Kg2 Qxf3+ 22. Kxf3 Rd2+ 23. Kxf4 Rxc2 24. Ke3 Rd8 25. Rfd1 a6 26. Bxc5 bxc5 27.
Nd6+ Kc7 28. Nxb7 Rc3+ 29. Ke2 Rxd1 30. Rxd1 Kxb7 31. Rd7+ Kc6 32. Rxf7 Rxc4
33. Rxg7 Rc2+ 34. Ke3 Rxa2 35. Rxh7 Kd6 36. g4 c4 37. g5 c3 38. g6 c2 39. Kd2
c1=Q+ 40. Kxc1 Rxf2 41. Ra7 Rg2 42. Rxa6+ Ke5 43. Ra4 Rxg6 44. Kd2 Rg3 45. Ke2
Kf5 46. Kf2 Rb3 47. Ke2 e5 48. Kf2 Rb5 49. Ke3 Rb2 50. Kf3 Rb3+ 51. Ke2 Rh3 52.
Rb4 e4 53. Rb8 Rh2+ 1/2-1/2